Stanovlenije i suščnosť sistemnovo podchoda /
Guardado en:
| Autores principales: | , |
|---|---|
| Formato: | Libro |
| Lenguaje: | ruso |
| Publicado: |
Moskva :
Nauka,
1973
|
| Etiquetas: |
Sin Etiquetas, Sea el primero en etiquetar este registro!
|
MARC
| LEADER | 00000nam a22000003a 4500 | ||
|---|---|---|---|
| 001 | stu34813 | ||
| 005 | 20150617225730.2 | ||
| 008 | 920326s1973----xxr-----------------rus-d | ||
| 040 | |a STU |b slo | ||
| 041 | 0 | |a rus | |
| 044 | |a xxr | ||
| 100 | 1 | |a Blaubert, I.V |4 aut | |
| 245 | 1 | |a Stanovlenije i suščnosť sistemnovo podchoda / |c [aut.]I.V. Blaubert, E.G. Judin | |
| 260 | |a Moskva : |b Nauka, |c 1973 | ||
| 300 | |a 269 s | ||
| 700 | 1 | |a Judin, E.G |4 aut | |
| 996 | |b 284M011986 |c M*5969-1 |l MMKN |s A |a 24 |w stu34813_0001 | ||